00899nam a2200181Ia 4500003000900000008004100009040001600050080002200066110003800088111011000126245025300236260005200489300001000541650003500551650004100586650002100627710006900648IN-BaIIA211028s9999 xx 000 0 eng d cIIA Library a910.4(082.1)bRAM aWorld Meteorological Organisation asymposium on meteorological results of the international Indian ocean expeditioncBombayd1965 July 22-26 0aProceedings of the symposium on meteorological results of the international Indian ocean expeditionbsymposium on meteorological results of the international Indian ocean expedition, 22-26 July 1965, Bombay, IndiacWorld Meteorological Organization aGenevabWorld Meteorological Organizationc1965 a434p. a Ocean-atmosphere interaction aAstronomy and Astrophysics Thesaurus aTropical cyclone aUnited Nations Educational, Scientific and Cultural Organization